000 01084cam a2200337 a 4500
001 454
003 BD-RjUL
005 20211208233200.0
008 131118r19951993enka b 001 0 eng d
020 _a1856040534
020 _a1656040534
035 _a(BD-RjUL)
035 _aBD-RjUL 471
040 _aUGA
_cUGA
_dCU
_dUk
_dDLC
_beng
041 _aeng
082 0 0 _a025.3414
_bCOI
100 1 _aCook, Michael,
_d1931-
_91414
245 1 0 _aInformation management and archival data /
_cMichael Cook.
260 _aLondon :
_bLibrary Association Publishing,
_c1993. [Repreint 1995]
300 _axiv, 210 p. :
_bill. ;
_c23 cm.
504 _aIncludes bibliography (p. 184-194) and index.
526 _bLibrary science
650 0 _aCataloging of archival materials.
_91415
650 0 _aCataloging of archival materials
_xData processing.
_91416
650 0 _aRecords
_zGreat Britain
_xManagement.
_91417
650 0 _aRecords
_zGreat Britain
_xData processing.
_91418
653 0 _aArchives
_aManagement.
942 _2ddc
_cBK
999 _c454
_d454